000 00592nam a22002417a 4500
003 UA-OsUOA
001 45405
007 ta
008 20070418b un ||||| |||| 00| 0 ukr d
100 _aКочкина Алена
090 _a82(477)
_bК75
942 _cBK
040 _aUA-OsUOA
_brus
_cUA-OsUOA
_dUA-OsUOA
245 _aКрымский гамбит
300 _a496 с.
955 _a4
041 _arus
080 _a82(477)
020 _a966-852-955-3
260 _aК.
_b"Издательчтво Сергея Пантюка"
_c2006
650 7 _2UDC
999 _c331505
_d331505